000 00635nam a2200217Ia 4500
003 IN-BaIIA
008 211028s9999 xx 000 0 eng d
020 _a0-07-451925-5
040 _cIIA Library
080 _a535.43
_bSRI
100 _aSrinath, L. S.
_913424
245 0 _aScattered light photoelasticity
_cL. S. Srinath
260 _aNew Delhi
_bTata McGraw-Hill
_c1983
300 _aix, 162p.
650 _aCrystal optics
_96387
650 _aNASA Thesaurus
650 _aOptics
650 _aPhotoelasticitic analysis
_913425
650 _aScattered light
_913426
942 _cBK
999 _c7956
_d7956